000 00739nam a2200217Ii 4500
003 JO-AjNU
008 230605s9999||||xx |||||||||||||| ||und||
017 _a1987/4689
020 _a977-154-021-1
040 _aJO-AjNU
_bara
_erda
_cJO-AjNU
041 _aara
050 1 4 _aPJ7561.B3622 1988
100 3 _aالبقري،أحمد ماهر,
_eauthor
_97422
245 0 0 _aدراسات في الشعر العربي في القرن الرابع عشر الهجري
264 3 1 _aالإسكندرية:مؤسسة شباب الجامعة،1988
300 _a117ص
336 _atext
_btxt
_2rdacontent
337 _aunmediated
_bn
_2rdamedia
338 _avolume
_bnc
_2rdacarrier
650 4 _a الشعر العربي-تاريخ ونقد
_97423
999 _aA271
_c3839
_d3839